000 00551nam a22002177a 4500
003 UA-OsUOA
001 64499
007 ta
008 20091105b un ||||| |||| 00| 0 ukr d
090 _a94(477.83):084
_bЛ89
942 _cBK
040 _aUA-OsUOA
_bukr
_cUA-OsUOA
_dUA-OsUOA
245 _aЛьвів у фотоілюстраціях
300 _a100 с.
955 _a4
041 _aukr
080 _a94(477.83):084
260 _aК.
_c1956
650 7 _a9 Географія. Біографії. Історія
_2UDC
999 _c350757
_d350757